000 00693nam a2200193 4500
001 131813
003 ES-MaACL
005 20250717081029.0
007 t|
008 070214s1909 sp r ||||1| spa d
100 1 _aRodríguez de Mata, Tomás.
_998467
245 1 0 _aHisterectomía abdominal total por fibromas /
_cTomás Rodríguez de Mata.
260 _aMadrid :
_b[s. n.],
_c1909 (
_fImp. de Almaráz y Cia.)
300 _a106 h. :
_bfot. ;
_c16 x 23 cm.
500 _aTesis inédita de la Universidad Central (Madrid), Facultad de Medicina, 1909.
710 2 _aUniversidad Central (Madrid).
_bFacultad de Medicina
_97093
852 _aES-MaACL
_jT-1211-F-3
999 _c131813
_d131813